<?xml version="1.0" encoding="UTF-8"?>
<record
    xmlns:xsi="http://www.w3.org/2001/XMLSchema-instance"
    xsi:schemaLocation="http://www.loc.gov/MARC21/slim http://www.loc.gov/standards/marcxml/schema/MARC21slim.xsd"
    xmlns="http://www.loc.gov/MARC21/slim">

  <leader>02823nam a22003497a 4500</leader>
  <controlfield tag="003">NALT</controlfield>
  <controlfield tag="005">20260212151851.0</controlfield>
  <controlfield tag="008">260122b        th ||||| |||| 00| 0 tha d</controlfield>
  <datafield tag="020" ind1=" " ind2=" ">
    <subfield code="a">9786163888501</subfield>
  </datafield>
  <datafield tag="040" ind1=" " ind2=" ">
    <subfield code="a">NALT</subfield>
  </datafield>
  <datafield tag="041" ind1="1" ind2=" ">
    <subfield code="a">tha</subfield>
    <subfield code="h">eng</subfield>
  </datafield>
  <datafield tag="050" ind1=" " ind2=" ">
    <subfield code="a">DK 510.766.P87</subfield>
    <subfield code="b">&#xE0A;323&#xE27; 2568</subfield>
  </datafield>
  <datafield tag="100" ind1="1" ind2=" ">
    <subfield code="a">&#xE0A;&#xE2D;&#xE23;&#xE4C;&#xE15;, &#xE1F;&#xE34;&#xE25;&#xE34;&#xE1B;.</subfield>
    <subfield code="9">67305</subfield>
  </datafield>
  <datafield tag="245" ind1="1" ind2="0">
    <subfield code="a">&#xE27;&#xE25;&#xE32;&#xE14;&#xE35;&#xE21;&#xE35;&#xE23;&#xE4C; &#xE1B;&#xE39;&#xE15;&#xE34;&#xE19; : &#xE0A;&#xE35;&#xE27;&#xE34;&#xE15; &#xE41;&#xE25;&#xE30;&#xE2D;&#xE33;&#xE19;&#xE32;&#xE08; =</subfield>
    <subfield code="b">Putin: his life and times / </subfield>
    <subfield code="c">Philip Short &#xE40;&#xE02;&#xE35;&#xE22;&#xE19; ; &#xE19;&#xE32;&#xE23;&#xE35;&#xE23;&#xE31;&#xE15;&#xE19;&#xE4C; &#xE1A;&#xE38;&#xE0D;&#xE0A;&#xE48;&#xE27;&#xE22; &#xE41;&#xE1B;&#xE25;.</subfield>
  </datafield>
  <datafield tag="246" ind1="3" ind2="1">
    <subfield code="a">Putin: </subfield>
    <subfield code="b">his life and times </subfield>
  </datafield>
  <datafield tag="250" ind1=" " ind2=" ">
    <subfield code="a">&#xE1E;&#xE34;&#xE21;&#xE1E;&#xE4C;&#xE04;&#xE23;&#xE31;&#xE49;&#xE07;&#xE41;&#xE23;&#xE01;.</subfield>
  </datafield>
  <datafield tag="260" ind1=" " ind2=" ">
    <subfield code="a">&#xE01;&#xE23;&#xE38;&#xE07;&#xE40;&#xE17;&#xE1E;&#xE2F; : </subfield>
    <subfield code="b">&#xE41;&#xE2A;&#xE07;&#xE14;&#xE32;&#xE27;, </subfield>
    <subfield code="c">2568.</subfield>
  </datafield>
  <datafield tag="300" ind1=" " ind2=" ">
    <subfield code="a">993 &#xE2B;&#xE19;&#xE49;&#xE32; :</subfield>
    <subfield code="b">&#xE20;&#xE32;&#xE1E;&#xE1B;&#xE23;&#xE30;&#xE01;&#xE2D;&#xE1A; ;</subfield>
    <subfield code="c">22 &#xE0B;&#xE21;.</subfield>
  </datafield>
  <datafield tag="505" ind1="2" ind2=" ">
    <subfield code="a">1 &#xE16;&#xE19;&#xE19;&#xE1A;&#xE32;&#xE2A;&#xE04;&#xE2D;&#xE1F; &#xE40;&#xE25;&#xE19; -- 2 &#xE04;&#xE27;&#xE32;&#xE21;&#xE22;&#xE38;&#xE15;&#xE34;&#xE18;&#xE23;&#xE23;&#xE21;&#xE17;&#xE35;&#xE48;&#xE0A;&#xE2D;&#xE1A;&#xE14;&#xE49;&#xE27;&#xE22;&#xE01;&#xE0E;&#xE2B;&#xE21;&#xE32;&#xE22; -- 3 &#xE17;&#xE33;&#xE40;&#xE19;&#xE35;&#xE22;&#xE1A;&#xE43;&#xE2B;&#xE0D;&#xE48; -- 4 &#xE27;&#xE31;&#xE19;&#xE2D;&#xE31;&#xE19;&#xE40;&#xE07;&#xE35;&#xE22;&#xE1A;&#xE2A;&#xE07;&#xE1A;&#xE43;&#xE19;&#xE41;&#xE0B;&#xE01;&#xE42;&#xE0B;&#xE19;&#xE35; -- 5 &#xE04;&#xE37;&#xE19;&#xE2A;&#xE39;&#xE48;&#xE2A;&#xE2B;&#xE20;&#xE32;&#xE1E;&#xE42;&#xE0B;&#xE40;&#xE27;&#xE35;&#xE22;&#xE15; -- 6 &#xE1C;&#xE39;&#xE49;&#xE43;&#xE0A;&#xE49;&#xE2D;&#xE33;&#xE19;&#xE32;&#xE08;&#xE2D;&#xE22;&#xE39;&#xE48;&#xE40;&#xE1A;&#xE37;&#xE49;&#xE2D;&#xE07;&#xE2B;&#xE25;&#xE31;&#xE07; &#xE2A;&#xE32;&#xE22;&#xE41;&#xE02;&#xE47;&#xE07;&#xE41;&#xE2B;&#xE48;&#xE07;&#xE40;&#xE04;&#xE23;&#xE21;&#xE25;&#xE34;&#xE19; -- 7 &#xE21;&#xE38;&#xE21;&#xE21;&#xE2D;&#xE07;&#xE08;&#xE32;&#xE01;&#xE41;&#xE21;&#xE48;&#xE19;&#xE49;&#xE33;&#xE40;&#xE19;&#xE27;&#xE32; -- 8 &#xE01;&#xE0E;&#xE02;&#xE2D;&#xE07;&#xE21;&#xE2D;&#xE2A;&#xE42;&#xE01; -- 9 &#xE21;&#xE07;&#xE01;&#xE38;&#xE0E;&#xE17;&#xE2D;&#xE07;&#xE04;&#xE33; -- 10 &#xE2D;&#xE33;&#xE19;&#xE32;&#xE08;&#xE40;&#xE1A;&#xE37;&#xE49;&#xE2D;&#xE07;&#xE1A;&#xE19; -- 11 &#xE40;&#xE1E;&#xE25;&#xE34;&#xE07;&#xE21;&#xE32;&#xE22;&#xE32; -- 12 &#xE04;&#xE27;&#xE32;&#xE21;&#xE04;&#xE34;&#xE14;&#xE02;&#xE2D;&#xE07;&#xE23;&#xE31;&#xE10;&#xE40;&#xE0B;&#xE35;&#xE22; -- 13 &#xE04;&#xE19;&#xE01;&#xE32;&#xE23;&#xE40;&#xE21;&#xE37;&#xE2D;&#xE07; -- 14 &#xE1B;&#xE23;&#xE30;&#xE0A;&#xE32;&#xE18;&#xE34;&#xE1B;&#xE44;&#xE15;&#xE22;&#xE41;&#xE1A;&#xE1A;&#xE04;&#xE39;&#xE48;&#xE02;&#xE19;&#xE32;&#xE19; -- 15 &#xE2D;&#xE38;&#xE1B;&#xE2A;&#xE23;&#xE23;&#xE04;&#xE23;&#xE31;&#xE14;&#xE23;&#xE36;&#xE07; -- 16 &#xE40;&#xE2D;&#xE32;&#xE04;&#xE37;&#xE19; --
17 &#xE40;&#xE19;&#xE21;&#xE15;&#xE4C;&#xE0B;&#xE2D;&#xE1F; &#xE44;&#xE2A;&#xE49;&#xE01;&#xE23;&#xE2D;&#xE01;&#xE2B;&#xE21;&#xE39;&#xE1B;&#xE48;&#xE32;&#xE41;&#xE25;&#xE30;&#xE01;&#xE32;&#xE23;&#xE2A;&#xE34;&#xE49;&#xE19;&#xE2A;&#xE38;&#xE14;&#xE02;&#xE2D;&#xE07;&#xE25;&#xE31;&#xE17;&#xE18;&#xE34;&#xE40;&#xE2A;&#xE23;&#xE35;&#xE19;&#xE34;&#xE22;&#xE21; -- 18 &#xE08;&#xE1A;&#xE40;&#xE01;&#xE21;.</subfield>
  </datafield>
  <datafield tag="600" ind1="1" ind2="4">
    <subfield code="a">&#xE1B;&#xE39;&#xE15;&#xE34;&#xE19;, &#xE27;&#xE25;&#xE32;&#xE14;&#xE34;&#xE40;&#xE21;&#xE35;&#xE22;&#xE23;&#xE4C;</subfield>
    <subfield code="x">&#xE0A;&#xE35;&#xE27;&#xE1B;&#xE23;&#xE30;&#xE27;&#xE31;&#xE15;&#xE34;</subfield>
    <subfield code="9">57304</subfield>
  </datafield>
  <datafield tag="600" ind1="1" ind2="4">
    <subfield code="a">&#xE1B;&#xE39;&#xE15;&#xE34;&#xE19;, &#xE27;&#xE25;&#xE32;&#xE14;&#xE34;&#xE21;&#xE35;&#xE23;&#xE4C; &#xE27;&#xE25;&#xE32;&#xE14;&#xE34;&#xE21;&#xE35;&#xE42;&#xE23;&#xE27;&#xE34;&#xE0A;,</subfield>
    <subfield code="d">&#xE04;.&#xE28;. 1952-</subfield>
    <subfield code="9">67326</subfield>
  </datafield>
  <datafield tag="650" ind1=" " ind2="4">
    <subfield code="a">&#xE1B;&#xE23;&#xE30;&#xE18;&#xE32;&#xE19;&#xE32;&#xE18;&#xE34;&#xE1A;&#xE14;&#xE35; </subfield>
    <subfield code="z">&#xE23;&#xE31;&#xE2A;&#xE40;&#xE0B;&#xE35;&#xE22;</subfield>
    <subfield code="x">&#xE0A;&#xE35;&#xE27;&#xE1B;&#xE23;&#xE30;&#xE27;&#xE31;&#xE15;&#xE34;</subfield>
    <subfield code="9">67327</subfield>
  </datafield>
  <datafield tag="651" ind1=" " ind2="4">
    <subfield code="a">&#xE23;&#xE31;&#xE2A;&#xE40;&#xE0B;&#xE35;&#xE22; </subfield>
    <subfield code="x">&#xE1B;&#xE23;&#xE30;&#xE27;&#xE31;&#xE15;&#xE34;&#xE28;&#xE32;&#xE2A;&#xE15;&#xE23;&#xE4C;</subfield>
    <subfield code="y">&#xE04;.&#xE28;. 1991-</subfield>
    <subfield code="9">67330</subfield>
  </datafield>
  <datafield tag="651" ind1=" " ind2="4">
    <subfield code="a">&#xE23;&#xE31;&#xE2A;&#xE40;&#xE0B;&#xE35;&#xE22; </subfield>
    <subfield code="x">&#xE01;&#xE32;&#xE23;&#xE40;&#xE21;&#xE37;&#xE2D;&#xE07;&#xE41;&#xE25;&#xE30;&#xE01;&#xE32;&#xE23;&#xE1B;&#xE01;&#xE04;&#xE23;&#xE2D;&#xE07;</subfield>
    <subfield code="y">&#xE04;.&#xE28;. 1991-</subfield>
    <subfield code="9">67331</subfield>
  </datafield>
  <datafield tag="700" ind1="1" ind2=" ">
    <subfield code="a">Short, Philip </subfield>
    <subfield code="9">67332</subfield>
  </datafield>
  <datafield tag="700" ind1="0" ind2=" ">
    <subfield code="a">&#xE19;&#xE32;&#xE23;&#xE35;&#xE23;&#xE31;&#xE15;&#xE19;&#xE4C; &#xE1A;&#xE38;&#xE0D;&#xE0A;&#xE48;&#xE27;&#xE22;</subfield>
    <subfield code="9">48839</subfield>
  </datafield>
  <datafield tag="942" ind1=" " ind2=" ">
    <subfield code="c">GB</subfield>
    <subfield code="2">lcc</subfield>
  </datafield>
  <datafield tag="996" ind1=" " ind2=" ">
    <subfield code="a">jidapa.t</subfield>
    <subfield code="b">ACQSTF</subfield>
    <subfield code="c">2026-01-22</subfield>
  </datafield>
  <datafield tag="996" ind1=" " ind2=" ">
    <subfield code="a">varee.k</subfield>
    <subfield code="b">LIBSTF</subfield>
    <subfield code="c">2026-01-23</subfield>
  </datafield>
  <datafield tag="996" ind1=" " ind2=" ">
    <subfield code="a">saiphon.d</subfield>
    <subfield code="b">CATSTF	</subfield>
    <subfield code="c">2026-01-27</subfield>
  </datafield>
  <datafield tag="999" ind1=" " ind2=" ">
    <subfield code="c">107706</subfield>
    <subfield code="d">107706</subfield>
  </datafield>
  <datafield tag="998" ind1=" " ind2=" ">
    <subfield code="j">111</subfield>
    <subfield code="k"> &#xE19;&#xE32;&#xE07;&#xE2A;&#xE32;&#xE27;&#xE1E;&#xE08;&#xE1E;&#xE34;&#xE13;  &#xE1E;&#xE23;&#xE21;&#xE40;&#xE2D;&#xE35;&#xE48;&#xE22;&#xE21;</subfield>
  </datafield>
  <datafield tag="952" ind1=" " ind2=" ">
    <subfield code="0">0</subfield>
    <subfield code="1">0</subfield>
    <subfield code="2">lcc</subfield>
    <subfield code="4">0</subfield>
    <subfield code="7">0</subfield>
    <subfield code="8">CGBL</subfield>
    <subfield code="a">NALT</subfield>
    <subfield code="b">NALT</subfield>
    <subfield code="c">GEN</subfield>
    <subfield code="d">2026-01-22</subfield>
    <subfield code="e">54</subfield>
    <subfield code="l">1</subfield>
    <subfield code="m">1</subfield>
    <subfield code="o">DK 510.766.P87 &#xE0A;323&#xE27; 2568</subfield>
    <subfield code="p">3961216084</subfield>
    <subfield code="r">2026-02-26 00:00:00</subfield>
    <subfield code="s">2026-02-12</subfield>
    <subfield code="w">2026-01-22</subfield>
    <subfield code="y">GB</subfield>
  </datafield>
</record>
